000 00638nam a2200229Ia 4500
003 OSt
005 20220928105620.0
006 a|||||r|||| 00| 0
007 ta
008 220927b |||||||| |||| 00| 0 eng d
024 _a53198
037 _cTextual
040 _aSDCL
_cSDCL
_beng
041 _2eng
_aeng
082 _aO152,3N23:g(Y), P9
100 _aGautam Archna
_9416022
245 0 _aShivani ke upanyason mein samajik aur sanskritic chetna.
260 _aDelhi
_bKunal Prakashan
_c2009
300 _a373p.
_ccm.
942 _hO152,3N23:g(Y), P9
_cTEXL
_2CC
999 _c731924
_d731924